<?xml version="1.0" encoding="UTF-8"?>
<record
    xmlns:xsi="http://www.w3.org/2001/XMLSchema-instance"
    xsi:schemaLocation="http://www.loc.gov/MARC21/slim http://www.loc.gov/standards/marcxml/schema/MARC21slim.xsd"
    xmlns="http://www.loc.gov/MARC21/slim">

  <leader>00467nam a22001697a 4500</leader>
  <controlfield tag="003">BDDh-ASL</controlfield>
  <controlfield tag="005">20231015031126.0</controlfield>
  <controlfield tag="008">230204s1881    ii ||||| |||| 00| 0 p   d</controlfield>
  <datafield tag="040" ind1=" " ind2=" ">
    <subfield code="a">BDDh-ASL</subfield>
    <subfield code="c">BDDh-ASL</subfield>
  </datafield>
  <datafield tag="041" ind1=" " ind2=" ">
    <subfield code="a">per</subfield>
  </datafield>
  <datafield tag="082" ind1=" " ind2=" ">
    <subfield code="a">297</subfield>
    <subfield code="b">RAW</subfield>
  </datafield>
  <datafield tag="245" ind1="0" ind2="0">
    <subfield code="a">Rawzatus Shuhad&#x101; : / &#x631;&#x648;&#x636;&#x629; &#x627;&#x644;&#x634;&#x647;&#x62F;&#x627; </subfield>
  </datafield>
  <datafield tag="260" ind1=" " ind2=" ">
    <subfield code="a">Lucknow : </subfield>
    <subfield code="b">Nawal Kishore , </subfield>
    <subfield code="c">1881/1303 H. </subfield>
  </datafield>
  <datafield tag="300" ind1=" " ind2=" ">
    <subfield code="a">394 p. : </subfield>
    <subfield code="c">26 cm. </subfield>
  </datafield>
  <datafield tag="650" ind1=" " ind2="0">
    <subfield code="a">Islamic History </subfield>
    <subfield code="9">3283</subfield>
    <subfield code="x">Karbala </subfield>
  </datafield>
  <datafield tag="942" ind1=" " ind2=" ">
    <subfield code="2">ddc</subfield>
    <subfield code="c">BK</subfield>
  </datafield>
  <datafield tag="952" ind1=" " ind2=" ">
    <subfield code="0">0</subfield>
    <subfield code="1">0</subfield>
    <subfield code="2">ddc</subfield>
    <subfield code="4">0</subfield>
    <subfield code="7">1</subfield>
    <subfield code="8">NFIC</subfield>
    <subfield code="a">ASL</subfield>
    <subfield code="b">ASL</subfield>
    <subfield code="c">GEN</subfield>
    <subfield code="d">2023-02-04</subfield>
    <subfield code="e">ASB Library Collection</subfield>
    <subfield code="h">P-0251</subfield>
    <subfield code="l">0</subfield>
    <subfield code="o">297 RAW</subfield>
    <subfield code="p">118631</subfield>
    <subfield code="r">2023-02-04 00:00:00</subfield>
    <subfield code="t">C-1</subfield>
    <subfield code="w">2023-02-04</subfield>
    <subfield code="y">BK</subfield>
    <subfield code="z">Y-1881</subfield>
  </datafield>
  <datafield tag="999" ind1=" " ind2=" ">
    <subfield code="c">30260</subfield>
    <subfield code="d">30260</subfield>
  </datafield>
</record>
